000 00601nam a2200193Ia 4500
003 GCL
008 140319s9999 xx 000 0 ara d
040 _aGCL /
_cGCL
082 0 4 _a157
_bر ب
100 1 _aرشاد على عبدالعزيز موسى
245 1 0 _aبحوث فى سيكولوجية المعاق /
_cرشاد على عبدالعزيز موسى
260 _a[S.N] :
_bدار النهضة العربية ،
_c1994
300 _a197 ص
490 _a
650 0 4 _aالخدمة الاجتماعية
650 0 4 _aعلم النفس
650 0 4 _aالمعوقون
942 _2ddc
_cBK
999 _c37207
_d37207